| 000 | 00000nam##2200000za#4500 |
| 001 | 9.606498 |
| 003 | CaOODSP |
| 005 | 20210624212645 |
| 007 | cr ||||||||||| |
| 008 | 150406|1987||||xxc|||||o f|0| 0 fre|d |
| 022 | |a1488-545X |
| 040 | |aCaOODSP|bfre |
| 043 | |an-cn--- |
| 086 | 1 |aFs97-6/1536F-PDF |
| 110 | 1 |aCanada. |bMinistère des pêches et des océans. |
| 245 | 10|aPhoques communs dans les Lacs des Loups Marins et le Bassin hydrographique de l'est de la Baie d'Hudson / |h[ressource électronique]|c[par] Thomas G. Smith and George Horonowitsch. |
| 260 | |aQuébec - Québec : |bPêches et Océans Canada |c1987. |
| 300 | |a23p.|bfigures, références |
| 490 | 1 |aRapport technique canadien des sciences halieutiques et aquatiques|x1488-545X|vN° 1536 |
| 500 | |aSur la p. de t. : Station de Biologie Arctique, Ste-Anne-de-Bellevue, Qué. Le n° de catalogue et l'ISSN de l'édition imprimée apparaissent dans cette version électronique. |
| 546 | |a(Abstract in English). |
| 590 | |a14-02-Supp|b2014-01-08 |
| 720 | 1 |aSmith, Thomas G. |
| 720 | 1 |aHoronowitsch, George |
| 775 | 08|tHarbour seals in the Lacs des Loups Marins and eastern Hudson Bay drainage / |w(CaOODSP)9.578458 |
| 830 | #0|aRapport technique canadien des sciences halieutiques et aquatiques,|x1488-545X|vN° 1536|w(CaOODSP)9.500867 |
| 856 | 40|ahttp://publications.gc.ca|qPDF|s1426 Ko|uhttps://publications.gc.ca/collections/collection_2013/mpo-dfo/Fs97-6-1536-fra.pdf|yN° 1536 |